Stravinsky /

Saved in:
Bibliographic Details
Main Author: Wenborn, Neil.
Format: Book
Language:English
Published: London : Omnibus Press, 1999.
Series:Illustrated lives of the great composers.
Subjects:
Tags: Add Tag
No Tags, Be the first to tag this record!
LEADER 00774nam a2200253 a 4500
001 008564481-1
005 20020606104010.5
008 010406s1999 enka bk 001 0beng d
020 |a 0711976511 
035 0 |a ocm41503736 
035 1 |a MAHS01B164 
035 1 |z CSUGA4331192B 
040 |a CSt  |c CSt 
100 1 |a Wenborn, Neil. 
245 1 0 |a Stravinsky /  |c Neil Wenborn. 
260 |a London :  |b Omnibus Press,  |c 1999. 
300 |a 208 p. :  |b ill. ;  |c 25 cm. 
490 1 |a Illustrated lives of the great composers 
504 |a Includes bibliographical references (p. 195-196) and index. 
504 |a Discography: p. 197-200. 
600 1 0 |a Stravinsky, Igor,  |d 1882-1971  |v Pictorial works. 
830 0 |a Illustrated lives of the great composers. 
988 |a 20020608 
906 |0 RLIN